[Event "28th Cappelle Open"]
[Site "Cappelle la Grande FRA"]
[Date "2012.03.09"]
[Round "8.48"]
[White "Zherebukh, Yaroslav"]
[Black "Loiseau, Quentin"]
[Result "1-0"]
[WhiteTitle "GM"]
[WhiteElo "2642"]
[BlackElo "2273"]
[WhiteFideId "14116804"]
[BlackFideId "665274"]
[EventDate "2012.03.03"]

1. e4 c5 2. Nf3 d6 3. c3 Nf6 4. h3 g6 5. Bd3 Bg7 6. Bc2 e5 7. d3 h6 8. O-O O-O
9. d4 exd4 10. cxd4 Nc6 11. Nc3 Nxd4 12. Nxd4 cxd4 13. Qxd4 Re8 14. Qd3 Nxe4 15.
Nxe4 Bf5 16. Qd5 Re5 17. Qxb7 Rb8 18. Qc6 Rc8 19. Qa4 Rxc2 20. Qxc2 Bxe4 21. Qd1
Rb5 22. Re1 Bc6 23. Rb1 d5 24. Qc2 Qb6 25. Bd2 Bd7 26. g4 h5 27. b4 d4 28. Rbc1
Rd5 29. Qc7 hxg4 30. hxg4 Qa6 31. Rc5 Qxa2 32. Qb8+ Kh7 33. Qh2+ Kg8 34. Rc8+
Bxc8 35. Re8+ Bf8 36. Qh6 Qb1+ 37. Kh2 1-0

[Event "28th Cappelle Open"]
[Site "Cappelle la Grande FRA"]
[Date "2012.03.09"]
[Round "8.50"]
[White "Grigoriants, Sergey"]
[Black "Daulyte, Deimante"]
[Result "1/2-1/2"]
[WhiteTitle "GM"]
[BlackTitle "WGM"]
[WhiteElo "2561"]
[BlackElo "2223"]
[WhiteFideId "4130804"]
[BlackFideId "12802859"]
[EventDate "2012.03.03"]

1. e4 e5 2. Nf3 Nc6 3. Bb5 a6 4. Ba4 Nf6 5. O-O Be7 6. d3 b5 7. Bb3 d6 8. a4 b4
9. a5 O-O 10. Nbd2 Bg4 11. h3 Bh5 12. c3 bxc3 13. bxc3 d5 14. Qe2 d4 15. Ba4
Nxa5 16. cxd4 exd4 17. g4 Nxg4 18. hxg4 Bxg4 19. Rb1 Qd6 20. Re1 1/2-1/2